| 000 | 00988pam a2200301 a 4500 | ||
|---|---|---|---|
| 001 | 4816374 | ||
| 003 | ARRUPE | ||
| 005 | 20160928155923.0 | ||
| 008 | 890310s1989 mnuac b 000 0 eng | ||
| 010 | _a 89006562 | ||
| 020 | _a0806623098 (alk. paper) | ||
| 040 |
_aDLC _cDLC _dDLC |
||
| 041 | 1 |
_aeng _hger |
|
| 050 | 0 | 0 | _aBV4012.2S385 |
| 082 | 0 | 0 |
_a248.8/6 _220 |
| 100 | 1 |
_aSchuchardt, Erika. _925761 |
|
| 240 | 1 | 0 |
_aWarum gerade ich-- ? _lEnglish |
| 245 | 1 | 0 |
_aWhy me? : _blearning live in crises / _cErika Schuchardt ; translated by Karen Leube. |
| 250 | _a12 edition | ||
| 260 |
_aGeneva : _bWCC, _c2005. |
||
| 300 |
_axxvii, 142p.; _bill., port. ; _c20 cm. |
||
| 500 | _aTranslation of: Warum gerade ich-- ? 4th German ed. 1987, c1981. | ||
| 504 | _aIncludes bibliographical references (p. 146-208). | ||
| 650 |
_aPastoral counseling _925762 |
||
| 906 |
_a7 _bcbc _corignew _d1 _eocip _f19 _gy-gencatlg |
||
| 942 |
_2lcc _cMONOGRAPH |
||
| 999 |
_c125229 _d125229 |
||